000 00375nam a2200157Ia 4500
008 230524s9999 xx 000 0 und d
082 _bAGG
100 _aRohini Aggarawal
_942699
245 0 _aMercantile & Commercial Laws
250 _a1
260 _aNew Delhi
_bTaxman
_c2016
300 _a533p;
500 _aQuantity Number: 1
650 _aManagement
942 _cBK
999 _c57687
_d57687